Länder die mit "i" enden - Statistiken

Allgemein
  • Dieses Quiz wurde 763 mal gespielt
  • Das Durchschnittsergebnis liegt bei 8 aus 12
Antwortstatistiken
Land % Korrekt
Haiti
73%
Fidschi
72%
Mali
72%
Brunei
68%
Kiribati
65%
Burundi
63%
Dschibuti
61%
Türkei
61%
Mongolei
60%
Eswatini
58%
Malawi
56%
Slowakei
54%
Keine übereinstimmenden Quizze gefunden
Verteilung der Resultate
Anzahl Personen mit jedem Resultat
Perzentil nach korrekt beantworteten Fragen
Ihre Resultats-Entwicklung
Sie haben dieses Quiz noch nicht gespielt